Nemecko-slovenský technický slovník. 1. diel A-L ; Ochr. obal a väzbu navrhol Pavol Čisárik

Salvato in:
Dettagli Bibliografici
Altri autori: Čisárik, Pavol (nob)
Natura: Libro
Lingua:slovacco
Pubblicazione: Bratislava Alfa 1993
Edizione:1. vyd.
Serie:Edícia prekladových slovníkov
Accesso online:Visualizza in OPAC
Tags: Aggiungi Tag
Nessun Tag, puoi essere il primo ad aggiungerne!!

MARC

LEADER 00000nam a2200000 a 4500
005 20260127134250.0
008 160414s1993 xo 0 slo
015 |a SNBA1994/02 
020 |a 8005011598 
020 |a 8005011938 (sub.) 
035 |a vtls001073918 
035 |a SNK000016750 
039 9 |a 201604141654  |b VLOAD  |c 201306061410  |d VLOAD  |c 201305301618  |d VLOAD  |c 200904021112  |d mschk03  |y 200412240346  |z VLOAD 
040 |a SNK  |b slo  |c SNK  |d STUSCHK1  |e AACR2 
041 0 |a slo 
044 |a xo  |c SK 
080 |a 62(038)=30=854  |2 1. stred. slo 
080 |a 801.316.4  |2 1. stred. slo 
080 |a 803.0  |2 1. stred. slo 
080 |a 808.54  |2 1. stred. slo 
245 1 |a Nemecko-slovenský technický slovník. 1. diel A-L ; Ochr. obal a väzbu navrhol Pavol Čisárik 
246 1 0 |a Deutsch-Slowakisches Technisches Wörterbuch. Teil 1 A-L 
250 |a 1. vyd. 
260 |a Bratislava  |b Alfa  |c 1993  |e Bratislava  |f Svornosť, spol. s r.o. 
300 |a 565 s., 69,97 AH, 70,63 VH  |c 25 cm 
490 0 |a Edícia prekladových slovníkov 
500 |a Zost. kol. aut. 
700 1 |a Čisárik, Pavol  |4 nob 
910 |a SCHK95 
919 |a 80-05-01159-8 
919 |a 80-05-01193-8 (sub.) 
954 |a nemčina  |a slovenčina  |a slovníky technické  |x nemecko-slovenské  |x písmeno A-L 
958 |a ASJ 
958 |a TL 
999 |c 8239  |d 8239